SOLAR PHOTOVOLTAIC, RENEWABLE ENERGIES SERIES.1ST ED. (Record no. 1177437)

MARC details
000 -LEADER
fixed length control field 00348nam a2200121Ia 4500
008 - FIXED-LENGTH DATA ELEMENTS--GENERAL INFORMATION
fixed length control field 230724s2014 xx und d
041 ## - LANGUAGE CODE
Language code of text/sound track or separate title eng
082 ## - DEWEY DECIMAL CLASSIFICATION NUMBER
Classification number 621.312
100 ## - MAIN ENTRY--PERSONAL NAME
Personal name HARRIES L AND
245 ## - TITLE STATEMENT
Title SOLAR PHOTOVOLTAIC, RENEWABLE ENERGIES SERIES.1ST ED.
260 ## - PUBLICATION, DISTRIBUTION, ETC.
Name of publisher, distributor, etc. CENTER OF ADVANCED STUDIES IN ARCHITECTURE( CASA)
Date of publication, distribution, etc. 2014
300 ## - PHYSICAL DESCRIPTION
Extent 270
Holdings
Withdrawn status Lost status Damaged status Not for loan Home library Current library Date acquired Source of acquisition Cost, normal purchase price Total Checkouts Full call number Barcode Date last seen Price effective from Koha item type
        College of Architecture, Pune College of Architecture, Pune 23/07/2024 BHARATI MADYAWARTI SAHAKARI GRAHAK BHANDAR LTD. 3395.00   621.312 ARP-MARCH-943 23/07/2024 23/07/2024 Book